| LEADER | 01459cam a2200265 i 4500 | ||
|---|---|---|---|
| 001 | 00260031 | ||
| 003 | GR-PaULI | ||
| 005 | 20240724120813.0 | ||
| 008 | 930929s1991 gr a g b 001 0 gre|d | ||
| 020 | |a 9607051041 | ||
| 040 | |a GrPaTEI |b gre |c GR-PaULI |e AACR2 | ||
| 082 | 0 | 4 | |a 620.82 |2 23 |
| 245 | 0 | 0 | |a Εγχειρίδιο εφαρμοσμένης εργονομίας / |c επισρτημονική επιμέλεια αγγλικής έκδοσης Ian Galer, ελληνικής έκδοσης Λάμπρος Λάιος. |
| 260 | |a Αθήνα : |b ΕΛΚΕΠΑ, |c 1991. | ||
| 300 | |a 271 σ. : |b εικ. ; |c 24 εκ. | ||
| 500 | |a Τίτλος πρωτότυπου: Applied ergonomics handbook. | ||
| 504 | |a Περιλαμβάνει βιβλιογραφία και ευρετήριο. | ||
| 650 | 4 | |a Εργονομία |9 25993 | |
| 700 | 1 | |a Λάιος, Λάμπρος |e επιμελητής. |9 205123 | |
| 700 | 1 | |a Galer, Ian |e επιμελητής. |9 205124 | |
| 942 | |2 ddc |c BK | ||
| 952 | |0 0 |1 0 |2 ddc |4 0 |6 620_820000000000000_ΕΓΧ |7 0 |9 256488 |a MSLG |b MSLG |c BSC |d 2021-01-17 |e 24 |f 0 |g 0.00 |i 6940 |l 0 |o 620.82 ΕΓΧ |p 2420000006940 |r 2021-01-17 00:00:00 |t 1 |w 2021-01-17 |y BK15 |x 19991111 0 1 |x GrPaTEI | ||
| 952 | |0 0 |1 0 |2 ddc |4 0 |6 620_820000000000000_ΕΓΧ |7 0 |9 256489 |a MSLG |b MSLG |c BSC |d 2021-01-17 |e 24 |f 0 |g 0.00 |i 17496 |l 0 |o 620.82 ΕΓΧ |p 2420000017496 |r 2021-01-17 00:00:00 |t 2 |w 2021-01-17 |y BK15 |x 20000620 0 1 |x GrPaTEI | ||
| 998 | |c ΒΑΣΙΛΕΙΟΥ |d 2024-07 | ||
| 999 | |c 150142 |d 150142 | ||